Emma-palkinnon saajat - Statistics

Yleistilastot
  • Tätä visaa on pelattu 118 kertaa
    90 viimeisimmän päivityksen jälkeen
  • Keskiarvotulos 37 / 99
Vastaustilastot
Vuosi Vuoden naissolisti % Oikein
2013 Cheek
82%
2010 Jenni Vartiainen
77%
1993 Kaija Koo
75%
1997 Kaija Koo
75%
2014 Kaija Koo
75%
2015 JVG
70%
2016 JVG
70%
1995 Katri Helena
64%
2016 Vesala
63%
1987 Paula Koivuniemi
62%
2008 Juha Tapio
60%
1999 Kari Tapio
60%
2005 Kari Tapio
60%
2013 Sanni
60%
2015 Sanni
60%
2013 Haloo Helsinki!
59%
2014 Haloo Helsinki!
59%
2017 Haloo Helsinki!
59%
2015 Antti Tuisku
58%
2017 Antti Tuisku
58%
2005 PMMP
58%
2009 PMMP
58%
2018 Anna Puu
56%
2009 Anna Puu
55%
2012 Anna Puu
55%
2000 HIM
53%
1983
53%
1997 Jari Sillanpää
52%
2003 Maija Vilkkumaa
52%
2005 Maija Vilkkumaa
52%
1999 Nylon Beat
51%
2001 The Rasmus
49%
2003 The Rasmus
49%
2011 Chisu
48%
1984 Dingo
48%
1985 Dingo
48%
1984 Kirka
48%
2000 Kirka
48%
2004 Nightwish
47%
2007 Nightwish
47%
2012 Nightwish
47%
2007 Anna Abreu
45%
2008 Anna Abreu
45%
1986 Eppu Normaali
45%
2006 Lordi
44%
2003 Vesa-Matti Loiri
44%
2006 Vesa-Matti Loiri
44%
2007 Vesa-Matti Loiri
44%
2018 Pyhimys
42%
2004 Hector
41%
1993 Leningrad Cowboys/Neljä Ruusua
40%
1992 Neljä Ruusua
40%
1985 Pave Maijanen
40%
1994 Laura Voutilainen
36%
1996 Laura Voutilainen
36%
2016 Mikael Gabriel
33%
1992 J. Karjalainen
30%
1996 J. Karjalainen
30%
2018 Gasellit
29%
1991 Kolmas Nainen
29%
1995 Leevi and the Leavings
29%
2014 Pepe Willberg
29%
1994 Samuli Edelmann
27%
2001 Samuli Edelmann
27%
2012 Jukka Poika
26%
2000 Anna Eriksson
25%
2001 Anna Eriksson
25%
2017 Evelina
25%
1998 Ismo Alanko
25%
2002 Ismo Alanko
25%
1991 Arja Koriseva
23%
1983 Matti ja Teppo
23%
1999 Jonna Tervomaa
22%
2004 Jonna Tervomaa
22%
1996 Aikakone
21%
1998 Ultra Bra
21%
2010 Stam1na
16%
1986 Neumann
15%
2009 Samuli Putro
15%
2011 Tuure Kilpeläinen
15%
1997 Don Huonot
14%
1987 Mamba
14%
1991 Ressu Redford
12%
1995 Tommi Läntinen
12%
1987 Topi Sorsakoski
10%
2008 Egotrippi
8%
2002 Timo Rautiainen & Trio Niskalaukaus
8%
1998 Marita Taavitsainen
7%
2011 Michael Monroe
7%
2006 Emma Salokoski
4%
2002 Emmi
4%
1994 22-Pistepirkko
3%
1983 Anita Hirvonen
3%
1992 Anna Hanski
3%
1985 Anneli Saaristo
3%
1993 Joel Hallikainen
3%
2010 Paleface
1%
1986 Arja Saijonmaa
0%
1984 Vera Telenius
0%
Ehtoja vastaavia visoja ei löytynyt
Tulosjakauma
Jokaisen tuloksen saaneiden osuus
Persentiili vastausten määrän mukaan
Tuloshistoriasi
Et ole pelannut tätä visaa sen viimeisimmän päivityksen jälkeen